000 00563nam a2200169 4500
008 230821b |||||||| |||| 00| 0 eng d
020 _a9280633899
082 _a372.917
_bUNI
245 _aThe state of the world's children, 1999 Education
260 _aNew York:
_bUNICEF,
_c[1999]
300 _a131 p. : ill. ; 26 cm.
_bGlossary and index included
650 _aEDUCATION,ELEMENTARY-Developing countries
650 _aRight to education--Developing countries
650 _aChildren--Developing countries--Statistics.
700 _aCarol Bellamy
942 _cRP
999 _c3237
_d3237